000 00815nam a2200241Ia 4500
003 GCL
008 140319s9999 xx 000 0 ara d
040 _aGCL /
_cGCL
082 0 4 _a214
_bم ا
100 1 _aمحمود عكاشة
245 1 0 _aالامة الاسلامية رؤية جديدة معاصرة /
_cمحمود عكاشة
250 _aالاولى
260 _aالقاهرة :
_bمكتبة النهضة المصرية ،
_c2003
300 _a192 ص ؛
_c24 سم
650 0 4 _aالاسلام والمجتمع
650 0 4 _aالثقافة الاسلامية
650 0 4 _aالعالم الاسلامى
650 0 4 _aالقومية والدين
650 0 4 _aالحضارة الاسلامية
650 0 4 _aالاسلام والسياسة
650 0 4 _aاهل الذمة
942 _2ddc
_cBK
999 _c32917
_d32917